书目信息 |
| 题名: |
压力容器制造和修理
|
|
| 作者: | 王增新 主编 | |
| 分册: | ||
| 出版信息: | 北京 化学工业出版社 2016.06 |
|
| 页数: | 666页 | |
| 开本: | 26cm | |
| 丛书名: | 压力容器实用技术丛书 | |
| 单 册: | ||
| 中图分类: | TH49 | |
| 科图分类: | ||
| 主题词: | 压力容器--制造 , 压力容器--维修 | |
| 电子资源: | ||
| ISBN: | 978-7-122-23786-6 | |
| 000 | 01210oam2 2200301 450 | |
| 001 | 0120161848564 | |
| 005 | 20170327084005.84 | |
| 010 | @a978-7-122-23786-6@dCNY188.00 | |
| 100 | @a20160601d2016 em y0chiy50 ea | |
| 101 | 0 | @achi |
| 102 | @aCN@b110000 | |
| 105 | @aak z 000yy | |
| 106 | @ar | |
| 200 | 1 | @a压力容器制造和修理@9ya li rong qi zhi zao he xiu li@f王增新主编 |
| 205 | @a2版 | |
| 210 | @a北京@c化学工业出版社@d2016.06 | |
| 215 | @a666页@c图@d26cm | |
| 225 | 2 | @a压力容器实用技术丛书 |
| 304 | @a《压力容器实用技术丛书》编写委员会组织编写 | |
| 330 | @a本书是《压力容器实用技术丛书》之一,系统、全面地阐述了压力容器制造的全过程、各项要求和工艺经验,包括压力容器制造的基本要求、制造主要工序和方法、制造主要设备、焊接工艺和方法、质量检测、现场组焊、在役压力容器的修理和改造,以及包装、运输等技术内容。本书内容理论联系实际,融入了作者长期的工作实践经验,具有很强的实用性。 | |
| 333 | @a本书适用于压力容器设计、制造、使用等工程技术人员查阅和参考 | |
| 461 | 0 | @12001 @a压力容器实用技术丛书 |
| 606 | 0 | @a压力容器@x制造 |
| 606 | 0 | @a压力容器@x维修 |
| 690 | @aTH49@v5 | |
| 701 | 0 | @a王增新@9wang zeng xin@4主编 |
| 801 | 0 | @aCN@b人天书店@c20160601 |
| 905 | @b980177-79@dTH49@e5=2@f3 | |
| 压力容器制造和修理/王增新主编.-2版.-北京:化学工业出版社,2016.06 |
| 666页:图;26cm.-(压力容器实用技术丛书) |
| 使用对象:本书适用于压力容器设计、制造、使用等工程技术人员查阅和参考 |
| ISBN 978-7-122-23786-6:CNY188.00 |
| 本书是《压力容器实用技术丛书》之一,系统、全面地阐述了压力容器制造的全过程、各项要求和工艺经验,包括压力容器制造的基本要求、制造主要工序和方法、制造主要设备、焊接工艺和方法、质量检测、现场组焊、在役压力容器的修理和改造,以及包装、运输等技术内容。本书内容理论联系实际,融入了作者长期的工作实践经验,具有很强的实用性。 |
| ● |
| 相关链接 |
|
|
|
|
正题名:压力容器制造和修理
索取号:TH49/5=2
 
预约/预借
| 序号 | 登录号 | 条形码 | 馆藏地/架位号 | 状态 | 备注 |
| 1 | 980177 | 209801776 | 第二样本阅览室/ [索取号:TH49/5=2] | 在馆 | |
| 2 | 980178 | 209801785 | 第三借阅区/ [索取号:TH49/5=2] | 在馆 | |
| 3 | 980179 | 209801794 | 密集书库-物理学院/ [索取号:TH49/5=2] | 在馆 |